|
|
|
|
| LEADER |
00000cam a2200000 a 4500 |
| 001 |
UCE3328 |
| 003 |
CL-VaPUC |
| 008 |
140829e20060000ag |||||||||||||||||spa|d |
| 020 |
|
|
|a 9789505741953
|
| 082 |
0 |
4 |
|a 345
|b ZAF
|2 21
|
| 100 |
0 |
|
|a Zaffaroni, Eugenio Raúl
|e author
|9 575873
|
| 700 |
0 |
|
|a Alagia, Alejandro
|e author
|9 575874
|
| 700 |
0 |
|
|a Slokar, Alejandro
|e author
|9 575875
|
| 245 |
1 |
0 |
|a Manual de derecho penal: parte general
|
| 250 |
|
|
|a 2a. ed
|
| 300 |
|
|
|a 788 p
|
| 942 |
|
|
|c BK
|
| 945 |
|
|
|d 20140829 08:59:00
|a arojas
|
| 260 |
|
|
|a Buenos Aires
|b Ediar
|c 2006
|
| 500 |
|
|
|a Incluye cuadro sinoptico de la teoría del delito
|
| 650 |
|
7 |
|a DERECHO PENAL
|2 CL-VaPUC
|9 11
|
| 650 |
|
7 |
|a DELITOS Y PENAS
|2 CL-VaPUC
|9 399665
|
| 650 |
|
0 |
|a Filosofía del derecho
|9 255050
|
| 650 |
|
0 |
|a Teoría del delito
|9 258906
|
| 583 |
|
|
|a last modification
|c 20140829 08:59:00
|k Rodrigo Vera
|
| 999 |
|
|
|c 356714
|d 356712
|
| 952 |
|
|
|0 0
|1 0
|3 erb
|4 0
|6 345_000000000000000_ZAF_2006
|7 0
|8 A
|9 464256
|a BIBDER
|b BIBDER
|i 5110971
|l 4
|o 345 ZAF 2006
|p 5110971
|r 2023-11-24
|s 2023-11-24
|w 2019-11-23
|y BK
|z Catalogado en:20140829
|k DER
|